Mencintaimu
| Language: | Malay |
|---|---|
| Published: |
Kuala Lumpur:
Creative Entreprise Sdn Bhd,
2006.
|
| Subjects: |
| LEADER | 00473cam a2200157 7i4500 | ||
|---|---|---|---|
| 001 | 0000069268 | ||
| 005 | 20150915090000.0 | ||
| 008 | 100608s2006 my 0 may | ||
| 020 | # | 0 | |a 9789838936743 |
| 020 | # | 0 | |a 983893674X |
| 090 | 0 | 0 | |a PL 5139 .N3 |b M4 2006 |
| 245 | 0 | 0 | |a Mencintaimu |c Nass Alina Noah. |
| 260 | # | # | |a Kuala Lumpur: |b Creative Entreprise Sdn Bhd, |c 2006. |
| 300 | # | # | |a 872 p.; |c 18 cm.. |
| 650 | 0 | 0 | |a Malay fiction |
| 999 | |a 1100060147 |b Book |c Open Shelf |e KOLEKSI TERBUKA | ||


